Historie a současnost hydrometeorologické služby na jižní Moravě : příspěvek k dějinám Českého hydrometeorologického ústavu /

Main Author: Krška, Karel, 1938-
Other Authors: Vlasák, Václav, 1931-2018
Language: Czech
Published: Praha : Český hydrometeorologický ústav, 2008
Edition: 1. vyd.
Subjects:
Online Access: Digitalizovaný dokument
Physical Description: 254 s. : il. (převážně barev.), mapy, portréty, faksim. ; 31 cm + errata (1 l.)
Language note: Anglické resumé
Book
Saved in:
LEADER 02471nam a2200601 a 4500
001 nkc20091855974
003 CZ PrNK
005 20161217235012.0
007 ta
008 090212s2008 xr abchf 001 0 cze
015 |a cnb001855974 
020 |a 978-80-86690-52-0  |q (váz.) 
035 |a (OCoLC)320226368 
040 |a OLA001  |b cze 
041 0 |a cze  |b eng 
043 |a e-xr---  |b e-xr-jm  |b e-xr-mr  |2 czenas 
045 |a w9y0 
072 7 |a 551  |x Geologie. Meteorologie. Klimatologie  |2 Konspekt  |9 7 
080 |a 001.32  |2 MRF 
080 |a 551.579  |2 MRF 
080 |a 551.5(091)  |2 MRF 
080 |a (437.322)  |2 MRF 
080 |a (437.32-13)  |2 MRF 
080 |a (048.8)  |2 MRF 
100 1 |a Krška, Karel,  |d 1938-  |7 jk01063516  |4 aut 
245 1 0 |a Historie a současnost hydrometeorologické služby na jižní Moravě :  |b příspěvek k dějinám Českého hydrometeorologického ústavu /  |c Karel Krška, Václav Vlasák 
250 |a 1. vyd. 
260 |a Praha :  |b Český hydrometeorologický ústav,  |c 2008 
300 |a 254 s. :  |b il. (převážně barev.), mapy, portréty, faksim. ;  |c 31 cm +  |e errata (1 l.) 
500 |a 500 výt. 
504 |a Obsahuje bibliografii a rejstřík 
546 |a Anglické resumé 
610 2 7 |a Český hydrometeorologický ústav.  |b Pobočka Brno  |7 olak2009488393  |2 czenas 
648 4 |a 1895-2008 
650 0 7 |a výzkumné ústavy  |7 ph127482  |z Česko  |y 19.-21. století  |2 czenas 
650 0 7 |a hydrometeorologie  |7 ph120975  |z Česko  |y 19.-21. století  |2 czenas 
650 0 7 |a dějiny meteorologie  |7 ph501255  |z Česko  |y 19.-21. století  |2 czenas 
650 0 9 |a research institutes  |z Czechia  |y 19th-21st centuries  |2 eczenas 
650 0 9 |a hydrometeorology  |z Czechia  |y 19th-21st centuries  |2 eczenas 
650 0 9 |a history of meteorology  |z Czechia  |y 19th-21st centuries  |2 eczenas 
651 7 |a Brno (Česko)  |7 ge134084  |2 czenas 
651 7 |a Morava jižní (Česko)  |7 ge130073  |2 czenas 
651 9 |a Brno (Czechia)  |2 eczenas 
651 9 |a Moravia, South (Czechia)  |2 eczenas 
655 7 |a monografie  |7 fd132842  |2 czenas 
655 9 |a monographs  |2 eczenas 
700 1 |a Vlasák, Václav,  |d 1931-2018  |7 mzk2009496220  |4 aut 
856 4 1 |u http://www.digitalniknihovna.cz/mzk/uuid/uuid:34ae4360-b14e-11e6-a108-005056827e51  |y Digitalizovaný dokument  |x NDK 
910 2 |a BOA001  |b 4-1219.865 
990 |a BK 
995 |a 01 
991 |b 200903  |c NOV 
996 6 |b 2610369984  |c 4-1219.865  |l MZK  |r Sklad / do 1 hodiny  |n 2  |p p.v.  |w 000931092  |u 000010  |a 1  |e BOA001  |j MZK50  |s P